[Event "HUN-ch Rapid 2020"]
[Site "Ajka"]
[Date "2020.07.18"]
[Round "5.19"]
[White "Szelenyi, Norbert"]
[Black "Forgacs, Attila Jr."]
[Result "1-0"]
[WhiteElo "2283"]
[BlackElo "2111"]
[Annotator "TA"]
[PlyCount "143"]
[EventDate "2020.07.17"]
[EventType "swiss"]
[EventCountry "HUN"]
[SourceTitle "playchess.com"]
[Source "ChessBase"]
[SourceQuality "1"]

{[%evp 20,143,11,0,24,14,67,68,85,83,90,87,98,83,102,100,79,88,102,86,98,96,102,97,295,284,729,285,747,755,843,624,574,504,502,469,602,293,310,306,308,304,281,272,430,430,457,443,502,453,437,444,401,442,342,127,127,127,131,133,192,189,187,129,121,0,975,1184,1708,1689,1165,1325,1421,1647,1324,1183,1093,912,877,577,646,605,458,219,347,366,366,0,29970,29972,29961,92,102,102,110,117,117,16,2089,2043,1759,1529,1305,779,1252,1095,29958,29959,29968,29969,29970,29961,29953,29954,29961,29965,12806,7486,29980,29980,29986,29987,29987,29988,29991,29991]} 1. Nf3 Nf6 2. g3 g6 3. Bg2 Bg7 4. O-O O-O 5. c4 d6 6. Nc3 Nbd7 7. d3 e5 8. Rb1 a5 9. a3 c6 10. b4 axb4 11. axb4 Qc7 {A24: English Opening vs King's Indian: Lines without ...Nc6.} 12. Qb3 {[#]} Kh8 $146 (12... Rd8 $11) ({Predecessor:} 12... Nb6 13. Be3 Ng4 14. c5 Nd7 15. cxd6 Qxd6 16. Bd2 Ngf6 17. Ng5 h6 18. Nge4 Nxe4 19. Nxe4 {1-0 (40) Mohammed,L (2084)-Ahmad,A (2398) Baghdad 2018}) 13. Bb2 $14 Nh5 {White is slightly better.} 14. Ra1 Rxa1 15. Rxa1 f5 16. Ra8 Nb6 17. Ra7 Be6 18. b5 {bxc6 is the strong threat.} Nc8 19. Ra8 c5 20. Ng5 Bg8 21. Nd5 $36 {[%mdl 2048] White is on the roll.} Bxd5 $2 (21... Qd8 $16) 22. Bxd5 $18 Qe7 $2 {[#]} (22... Nb6) 23. Ne6 $2 (23. Nf7+ $1 {[%mdl 512]} Rxf7 24. Bxf7 (24. Rxc8+ Rf8 $16)) 23... Re8 $2 (23... Nb6 24. Rxf8+ (24. Nxf8 Nxa8 25. Ne6 Nf6 $16) 24... Bxf8) 24. Rb8 b6 25. Rb7 Qf6 26. Nxg7 Nxg7 27. Qa4 Rf8 {Now ...f4 and Black clings on.} 28. e3 (28. f4 $142 Ne6 29. e3) 28... f4 29. exf4 g5 30. Qc2 {Hoping for fxe5.} gxf4 31. Qe2 fxg3 (31... Ne7 {might work better.} 32. Be4 (32. Rxb6 Nxd5 33. cxd5 f3 $16) 32... Ne6 33. Rxb6 Ng5) 32. hxg3 Qg5 33. Be4 ({Not} 33. Qe4 Ne7 $16) 33... h5 34. Qe3 Qxe3 35. fxe3 Nf5 36. Bxf5 Rxf5 {[%mdl 4096] Endgame KRB-KRN} 37. Rb8 $2 (37. Rc7 $18 Rf8 38. Kg2) 37... Rf8 $16 38. d4 exd4 39. exd4 Kh7 (39... Kg8 $16 40. d5 Kf7) 40. dxc5 $18 dxc5 41. Kg2 ({White should try} 41. Be5 $18) 41... Re8 $16 42. Rb7+ (42. Kf3 $16) 42... Re7 $2 {[%mdl 8192]} (42... Kg6 $11 43. Bc1 Kf5) 43. Rxe7+ $18 Nxe7 {KB-KN} 44. Be5 Kg6 45. Bc7 Nc8 46. Kf3 Kf5 47. Ke3 $1 {[%cal Re3f3]} Ke6 48. Ke4 Kd7 49. Bf4 Ke6 50. Bb8 Ne7 51. Bc7 (51. Kf4 $142 Kf6 52. Be5+ Ke6 53. Bc7) 51... Nc8 (51... Ng6 {was necessary.} 52. Bxb6 Ne5 53. Bxc5 Nxc4) 52. Kf4 Kf6 53. Bd8+ $2 (53. Be5+ $18 Ke6 54. Bb8) 53... Kg6 $2 {[%mdl 8192]} (53... Ke6 $11) 54. Ke5 Kf7 55. Kd5 $2 (55. Bh4 {mates} Ne7 56. Bxe7 Kxe7 57. Kf5 Kd6 58. Kf6 Kd7 59. Ke5 Kc7 60. Kd5) 55... Ke8 $16 56. Bg5 Kd7 {[#]} 57. Bf4 $1 Ne7+ 58. Ke5 (58. Ke4 $16) 58... Ng6+ $2 {[%mdl 8192] [#]} (58... h4 $11 59. gxh4 Ng6+ 60. Ke4 Nxh4) 59. Kf5 $1 $18 {[%cal Rf5g6]} Nf8 60. Kg5 Ke6 61. Bc7 Nd7 62. Kxh5 Kf6 63. Kg4 Kg6 64. Kf4 Kf6 65. Ke4 Ke6 66. g4 Nf6+ 67. Kf4 Nd7 68. g5 Kf7 69. Kf5 {White mates.} Ke7 70. g6 Kf8 71. Ke6 Ke8 72. g7 {Accuracy: White = 61%, Black = 49%.} 1-0

[Event "HUN-ch Rapid 2020"]
[Site "Ajka"]
[Date "2020.07.18"]
[Round "5.20"]
[White "Frink, Ferenc"]
[Black "Egresi, Mate"]
[Result "0-1"]
[WhiteElo "2075"]
[BlackElo "2362"]
[Annotator "TA"]
[PlyCount "100"]
[EventDate "2020.07.17"]
[EventType "swiss"]
[EventCountry "HUN"]
[SourceTitle "playchess.com"]
[Source "ChessBase"]
[SourceQuality "1"]

{[%evp 13,100,-22,0,-42,-31,-57,-47,-89,-88,-97,-90,-104,-97,-143,-146,-195,-76,-166,-160,-150,-170,-151,-156,-267,-177,-178,-185,-170,-46,-349,-345,-340,-321,-346,-321,-320,-325,-321,-312,-310,-309,-318,-321,-319,-312,-420,-352,-308,-258,-282,-215,-241,-211,-182,-175,-171,-153,-139,-138,-331,-320,-481,-415,-622,-614,-916,-518,-504,-510,-868,-795,-2516,-2202,-29979,-29981,-29982,-29983,-29983,-29984,-29984,-29984,-29985,-29986,-29985,-29986,-29987,-29987,-29990,-29991]} 1. e4 d6 2. d4 Nf6 3. Bd3 e5 4. c3 d5 5. dxe5 Nxe4 6. Bxe4 dxe4 7. Qxd8+ Kxd8 8. Bf4 {B07: Pirc Defence: Miscellaneous Systems.} Nd7 $1 {[%cal Bb8d7,Bd7c5,Bc5d3][%mdl 32]} 9. Nd2 Nc5 10. Bg3 {Black is slightly better.} Nd3+ 11. Ke2 Nxb2 12. Nxe4 {[#]} Bf5 $146 {[%mdl 2048] Black is on the roll.} ({Predecessor:} 12... Bg4+ 13. Nf3 h6 14. Rac1 Nc4 15. Rcd1+ Kc8 16. Rd4 Be6 17. Rhd1 Be7 18. Nfd2 Nxd2 19. R1xd2 {½-½ (67) Velikhanli,F (2340)-Stepovaia,T (2310) Rostov on Don 1995}) 13. Ng5 Ke8 14. N1f3 Rd8 (14... h6 $19 15. Nh3 Na4) 15. Nd4 (15. e6 $17 fxe6 16. Nd4) 15... Bd3+ $19 16. Ke3 c5 {Threatens to win with ...h6.} 17. Nb3 Bf5 18. Rac1 (18. Ne4 $17) 18... Be7 19. Ne4 Rd3+ 20. Kf4 Be6 ({Black should play} 20... Bd7 $19 {Hoping for ...g5+!} 21. h4 b6) 21. Nbxc5 $2 {[%mdl 8192] [#]} (21. Nexc5 $15 Bd5 22. Nxd3 Nxd3+ 23. Ke3 Nxc1 24. Rxc1) 21... g5+ $1 {[%mdl 576] Deflection} 22. Nxg5 Bxc5 23. Rb1 Ba3 (23... Rxc3 24. Rxb2 Rc4+ 25. Ne4 $14) 24. Ne4 Kd8 25. f3 Kc7 26. Bf2 Na4 27. Bd4 Rg8 28. g4 Rd8 29. Rhd1 Rxd1 30. Rxd1 b6 31. Kg5 Bf8 (31... Bxa2 32. Ra1 $11) 32. f4 Nc5 (32... Bxa2 33. Ra1 $17) 33. Nd6 {intending f5.} Bxd6 (33... Bxa2 34. Bxc5 bxc5 35. Ra1 $17) 34. exd6+ Kc6 ({Don't do} 34... Rxd6 35. Be5 $17) 35. f5 Bc4 ({Much worse is} 35... Rxd6 $6 36. fxe6 Nxe6+ 37. Kf5 $11) 36. Be5 $2 {[#] Now White is beyond hope.} (36. Kh6 $17 {was worth a try.}) 36... Rg8+ ({Not} 36... Bxa2 37. Ra1 $19) 37. Kf4 (37. Kh4 $142) 37... Be2 38. Rg1 (38. Rd4 $142 Rxg4+ 39. Ke3) 38... Nd3+ 39. Ke4 Nxe5 40. Kxe5 Rxg4 41. Rxg4 (41. Rb1 $142 Rc4 42. Kf6) 41... Bxg4 {[%mdl 4096] Endgame KB-KP} 42. Kf6 Kxd6 43. h4 h5 {Black mates.} 44. a4 Kd5 45. Kxf7 Bxf5 {KB-K3P} 46. Ke7 Kc4 47. Kd6 Kxc3 48. Kc6 Kb4 49. Kb7 Kxa4 50. Kxa7 b5 {Accuracy: White = 39%, Black = 69%.} 0-1

[Event "HUN-ch Rapid 2020"]
[Site "Ajka"]
[Date "2020.07.18"]
[Round "5.21"]
[White "Ongut, Tamas Gunes"]
[Black "Zentai, Peter"]
[Result "0-1"]
[WhiteElo "2305"]
[BlackElo "2304"]
[Annotator "TA"]
[PlyCount "82"]
[EventDate "2020.07.17"]
[EventType "swiss"]
[EventCountry "HUN"]
[SourceTitle "playchess.com"]
[Source "ChessBase"]
[SourceQuality "1"]

{[%evp 12,82,15,8,20,0,0,22,19,15,16,-8,32,20,16,20,45,31,30,30,28,30,39,2,20,28,30,0,0,-341,40,0,-8,-54,-56,-91,-84,-167,-136,-140,-118,-139,-104,-106,-116,-97,-70,-75,-77,-100,-44,-104,-104,-106,-106,-117,-117,-115,-98,-108,-91,-124,-94,-119,-121,-141,-141,-147,-147,-186,-186,-654,-627]} 1. d4 d5 2. c4 dxc4 3. e4 Nc6 4. Nf3 Nf6 5. e5 Nd5 6. Bxc4 Nb6 7. Bb3 (7. Be2 {keeps more tension.} Bf5 8. O-O e6 9. Nc3 Be7 10. a3) 7... Bg4 {D20: Queen's Gambit Accepted: 3 e3 and 3 e4.} 8. Be3 {[#] Black must now prevent Bxf7+!} (8. Bxf7+ {is more complex.} Kxf7 9. Ng5+ Ke8 10. Qxg4 Qxd4 11. Qe2) 8... e6 9. O-O Be7 {[#] The position is equal.} 10. h3 $146 ({Predecessor:} 10. Nbd2 O-O 11. h3 Bf5 12. Bc2 Bxc2 13. Qxc2 Qd5 14. a3 f5 15. exf6 Rxf6 16. Qe4 {0-1 (59) Ausmins,E (2324)-Mollero,M (2101) Genova 2000}) 10... Bh5 11. Nbd2 O-O 12. Rc1 Bg6 13. a3 Rc8 14. Qe2 a6 15. Ba2 Qd7 16. Rfd1 Nd5 17. Nb3 Rfd8 18. Nc5 Bxc5 $1 19. dxc5 h6 20. b4 $2 {[%mdl 8192] [#]} (20. Bb3 $11 {and White is okay.}) 20... Nce7 $2 ({Black should play} 20... Nc3 $1 $19 {[%cal Rc3e2][%mdl 512]} 21. Rxc3 Qxd1+ 22. Qxd1 Rxd1+ 23. Kh2 Rcd8) 21. Bb3 (21. Bxd5 $5 exd5 22. Nd4 $11) 21... Qb5 22. Qxb5 axb5 23. Bd4 Nf4 $36 {[%mdl 2048] Strongly threatening ...Ne2+. Black is in control.} 24. Rd2 (24. Kh2 $17 {was worth a try.}) 24... Be4 {Threatens to win with ...Bxf3.} 25. Bd1 Nc6 {...Bxf3 is the strong threat.} 26. Bc3 Rxd2 27. Bxd2 Nd3 28. Rc3 Ndxe5 29. Nxe5 Nxe5 30. Bf4 Nd3 (30... Ng6 $17 31. Bh2 Ne7) 31. Be3 (31. Bh2 $15) 31... Rd8 $17 32. Be2 c6 33. Bxd3 Bxd3 {[%mdl 4096] Endgame KRB-KRB} 34. Bf4 f6 35. Bd6 Bc4 36. f4 Kf7 37. Kf2 g5 38. g3 Bd5 39. Re3 Rg8 40. Ke1 gxf4 41. Bxf4 $2 (41. gxf4 Rg2 42. Kf1) 41... e5 {Accuracy: White = 52%, Black = 75%.} 0-1

[Event "HUN-ch Rapid 2020"]
[Site "Ajka"]
[Date "2020.07.18"]
[Round "5.22"]
[White "Fekete, Albert"]
[Black "Seres, Lajos"]
[Result "1/2-1/2"]
[WhiteElo "2099"]
[BlackElo "2418"]
[Annotator "TA"]
[PlyCount "74"]
[EventDate "2020.07.17"]
[EventType "swiss"]
[EventCountry "HUN"]
[SourceTitle "playchess.com"]
[Source "ChessBase"]
[SourceQuality "1"]

{[%evp 9,74,12,25,9,10,4,9,6,5,-4,39,9,4,9,51,33,38,44,58,33,52,14,10,25,35,37,32,-31,37,40,49,24,49,47,54,6,30,32,31,0,0,0,0,-7,-4,-2,0,0,0,0,4,0,0,0,0,0,0,0,0,0,0,0,0,0,0,0,0]} 1. Nf3 c5 2. e4 Nc6 3. Bb5 Qb6 4. Qe2 e6 5. c3 Nge7 6. Na3 {B30: Sicilian: 2...Nc6 3 Bb5, lines without ...g6.} a6 7. Ba4 Qc7 {[#]} 8. O-O $146 ({Predecessor:} 8. d4 cxd4 9. O-O dxc3 10. Rd1 Ng6 11. bxc3 Bxa3 12. Bxa3 Qa5 13. Qd2 Qxa4 14. Qd6 Qxe4 {0-1 (25) West,G-Fuller,M (2390) Perth 1978}) 8... b5 9. Bc2 e5 10. d4 cxd4 11. cxd4 Nxd4 12. Nxd4 exd4 13. Bb3 Nc6 14. Qh5 (14. Qf3 $5 {[%cal Rf3f7]} Ne5 15. Qg3 $11) 14... g6 15. Qh4 {[#] Hoping for Qf6!} Bg7 16. Bh6 O-O 17. Bxg7 Kxg7 18. f4 (18. Nc2 $14) 18... Qd8 (18... Bb7 $15) 19. Qf2 $14 {[%mdl 1024] White has compensation.} Bb7 20. Bd5 Qb6 21. Rad1 Rac8 22. h4 f6 23. Nc2 Kh8 24. h5 (24. b3 {is more complex.} Rfe8 25. Rfe1 Re7 26. Nxd4 Nxd4 27. Bxb7 Qxb7 28. Qxd4 Kg7 29. Re2) 24... gxh5 {The position is equal.} 25. Nxd4 Nxd4 26. Qxd4 Qxd4+ 27. Rxd4 Bxd5 28. Rxd5 $11 {[%mdl 4160] [#] Endgame Double Attack. KRR-KRR} Rc2 29. Rf2 Rfc8 30. Rdd2 Rxd2 31. Rxd2 {KR-KR} Rc4 32. e5 Rxf4 33. exf6 Rxf6 34. Rxd7 Rc6 35. Ra7 Kg8 36. b3 h6 37. Kh2 Kf8 {Accuracy: White = 69%, Black = 86%.} 1/2-1/2

[Event "HUN-ch Rapid 2020"]
[Site "Ajka"]
[Date "2020.07.18"]
[Round "5.23"]
[White "Emodi, Barnabas"]
[Black "Horvath, Kalman"]
[Result "1-0"]
[WhiteElo "2352"]
[BlackElo "2095"]
[Annotator "TA"]
[PlyCount "165"]
[EventDate "2020.07.17"]
[EventType "swiss"]
[EventCountry "HUN"]
[SourceTitle "playchess.com"]
[Source "ChessBase"]
[SourceQuality "1"]

{[%evp 10,164,35,6,33,18,43,0,39,1,50,48,101,102,106,124,153,161,147,142,187,170,200,204,219,189,185,172,213,187,191,191,210,210,199,207,213,222,278,293,276,286,285,238,290,285,290,248,269,258,239,214,267,193,205,180,227,214,225,218,361,362,384,379,377,316,433,441,427,389,445,417,472,308,504,500,493,469,855,852,881,873,920,959,1247,1237,3733,2393,3277,1020,29979,29980,29980,29981,29981,29982,29981,29982,29989,29990,29990,29991,29991,29985,29985,29986,29986,29987,29988,29989,29989,29990,29991,29991,29991,29989,29989,29988,29988,29988,29988,29989,29990,29990,29990,29991,29991,29992,29992,29992,29992,29993,29993,29993,29994,29994,29994,29993,29993,29994,29994,29994,29994,29994,29994,29995,29995,29995,29995,29996,29996,29996,29997,29998,29998,29999,29999]} 1. d4 d5 2. Nf3 c6 3. c4 dxc4 4. e3 Be6 5. a4 Nf6 6. Na3 g6 {D11: Slav Defence: 3 Nf3 sidelines and 3...Nf6 4 e3 Bg4.} 7. Nxc4 Bg7 8. Be2 O-O {The position is equal.} 9. O-O Qc7 10. b4 {[%cal Bb2b4,Bb4b5][%mdl 32] [#]} Na6 $146 (10... Nbd7 $14) ({Predecessor:} 10... Rd8 11. Qc2 Bd5 12. Nce5 Be4 13. Bd3 Bxd3 14. Nxd3 Nbd7 15. Bb2 Rac8 16. Rac1 a6 {1-0 (57) Eagleton,G (2055)-Bellon Lopez,J (2339) Caleta 2017}) 11. Ba3 $16 Nd5 12. Qd2 Rad8 13. b5 Nb8 14. Rfc1 Bg4 15. Rab1 Bc8 16. Nce5 f6 17. Nc4 Rfe8 18. Qc2 Qd7 19. Na5 Qc7 20. bxc6 Qxa5 21. c7 ({Resist} 21. cxb7 $6 Bd7 $16) 21... Nxc7 22. Qxc7 Qxc7 23. Rxc7 a6 24. Bxe7 Rd7 25. Rxd7 Nxd7 26. Bc4+ Kh8 27. Bd6 {Hoping for Bf7.} Nf8 28. d5 Nd7 29. h3 Bf8 30. Bxf8 Nxf8 31. Nd4 Kg7 32. Rb3 Rd8 33. e4 Re8 34. f3 Nd7 (34... f5 $142 35. exf5 gxf5) 35. Ne6+ $18 Kh8 36. f4 b6 37. Bd3 Kg8 38. Rc3 g5 39. g3 Nb8 40. Rc7 Bd7 41. Bc2 Kh8 $2 (41... Rc8 {is a better defense.}) 42. fxg5 fxg5 43. Nxg5 h6 (43... Kg8 $142 44. Rb7 h6) 44. Nf7+ {[%mdl 64] [#] Double Attack} Kg7 45. Nd6 Rf8 46. e5 Kg8 47. e6 Rd8 48. exd7 Nxd7 49. Bf5 Nc5 50. Be6+ {White mates.} Nxe6 51. dxe6 Rxd6 {[%mdl 4096] Endgame KR-KR} 52. Rc8+ Kg7 53. e7 Rd1+ 54. Kf2 Rd2+ 55. Ke3 Rd1 56. e8=Q Re1+ 57. Kf4 Rxe8 58. Rxe8 b5 59. axb5 axb5 {KR-KPP} 60. Kf5 b4 61. Rb8 Kf7 62. Rb7+ Ke8 63. Kg6 Kd8 64. Rxb4 Kc7 65. Kxh6 {KR-K} Kc6 66. g4 Kc5 67. Rf4 Kd5 68. g5 Ke5 69. Rf1 Kd5 70. g6 Kd4 71. Kg5 Ke5 72. Rf4 Ke6 73. Re4+ Kd5 74. Kf5 Kd6 75. Re5 Kc6 76. Ke6 Kc7 77. Rc5+ Kb7 78. Kd7 Kb6 79. Kd6 Kb7 80. Rb5+ Ka7 81. Kc7 {[%cal Rb5a5]} Ka6 82. Rc5 Ka7 83. Ra5# {Black got outplayed after the opening. Accuracy: White = 69%, Black = 42%.} 1-0

[Event "HUN-ch Rapid 2020"]
[Site "Ajka"]
[Date "2020.07.18"]
[Round "5.24"]
[White "Varga, Peter"]
[Black "Persanyi, Barnabas"]
[Result "1/2-1/2"]
[WhiteElo "2371"]
[BlackElo "2370"]
[Annotator "TA"]
[PlyCount "87"]
[EventDate "2020.07.17"]
[EventType "swiss"]
[EventCountry "HUN"]
[SourceTitle "playchess.com"]
[Source "ChessBase"]
[SourceQuality "1"]

{[%evp 11,87,4,0,-10,3,12,5,0,0,0,0,0,0,0,4,0,16,0,0,0,8,0,0,0,0,0,0,0,0,0,0,0,0,-16,0,0,0,0,0,0,0,0,0,0,0,0,0,0,0,-9,-8,-15,-14,-14,0,0,0,0,0,0,0,0,7,0,0,0,0,-23,-27,-20,-27,-50,-44,-35,0,-61,0,-29]} 1. d4 Nf6 2. c4 e6 3. Nf3 b6 4. Nc3 Bb4 5. Qc2 Bb7 6. Bg5 h6 7. Bd2 {E12: Queen's Indian: Unusual White 4th moves, 4 a3, 4 Nc3 Bb7 5 a3 and 4 Nc3 Bb7 .} Bxc3 8. Bxc3 Ne4 9. e3 Nxc3 10. Qxc3 {[#]} d6 $146 ({Predecessor:} 10... Bxf3 11. gxf3 O-O 12. Bg2 Nc6 13. O-O Qg5 14. Kh1 f5 15. b4 Rf6 16. b5 Rg6 {0-1 (26) Chamberlain,E (945)-Garcia,J (833) LSS email 2013}) 11. Be2 Nd7 12. O-O O-O 13. Nd2 Nf6 (13... c5 {feels hotter.} 14. Bf3 Bxf3 15. Nxf3 Rc8 16. Rfd1 Nf6) 14. Bf3 Bxf3 15. Nxf3 Qe7 16. Rac1 Rfd8 17. Rfd1 Rac8 18. b4 c5 19. dxc5 dxc5 20. b5 Rxd1+ 21. Rxd1 Rd8 22. Qc2 Ne4 23. Rxd8+ Qxd8 24. h3 Nd6 25. Qd3 f6 26. Nd2 Nf7 27. Qxd8+ Nxd8 $11 {[%mdl 4096] Endgame KN-KN} 28. Kf1 Kf7 29. Ke2 Ke7 30. g4 Nf7 31. f4 g5 32. Kd3 Nh8 33. Nf3 Ng6 34. Ke4 Nf8 35. h4 gxh4 36. Nxh4 Kd6 37. f5 Nh7 {Black wants to play ...Ng5+.} 38. fxe6 Kxe6 39. Nf5 Ng5+ 40. Kf4 Nf7 {White must now prevent ...Ne5.} 41. Ng7+ Ke7 42. Nf5+ Ke6 43. Ng7+ Ke7 {Threatens to win with ...Ne5.} 44. Nf5+ {Accuracy: White = 100%, Black = 97%.} 1/2-1/2

[Event "HUN-ch Rapid 2020"]
[Site "Ajka"]
[Date "2020.07.18"]
[Round "5.25"]
[White "Acs, Marton"]
[Black "Horvath, Tamas I"]
[Result "1/2-1/2"]
[WhiteElo "2167"]
[BlackElo "2318"]
[Annotator "TA"]
[PlyCount "95"]
[EventDate "2020.07.17"]
[EventType "swiss"]
[EventCountry "HUN"]
[SourceTitle "playchess.com"]
[Source "ChessBase"]
[SourceQuality "1"]

{[%evp 11,95,0,31,22,25,44,56,62,76,84,84,62,111,114,99,61,65,41,51,39,51,51,48,24,36,-18,56,58,65,-18,-12,-181,-185,-189,-200,-195,-178,-219,-147,-147,-137,-222,-199,-267,-205,-208,-201,-402,-372,-337,-271,-286,-253,-254,-254,-247,-253,-250,-233,-243,-242,-243,-224,-235,-233,-257,-217,-212,-206,-197,-206,-197,-204,-245,0,0,202,193,208,-118,0,0,17,24,70,66]} 1. Nf3 c5 2. c4 Nf6 3. d4 cxd4 4. Nxd4 e6 5. Nc3 Bb4 6. Qb3 Na6 7. a3 {A32: Symmetrical English: 2 Nf3 Nf6 3 d4 cxd4 4 Nxd4 e6.} Be7 8. e4 {[#]} d6 $146 ({Predecessor:} 8... O-O 9. Be2 Nc5 10. Qc2 d5 11. exd5 exd5 12. cxd5 Nxd5 13. O-O Nxc3 14. bxc3 Bd7 {0-1 (36) Koziak,V (2466)-Atalik,S (2598) Lvov 1999}) 9. Be2 O-O 10. O-O Nc5 11. Qc2 a6 12. Be3 Qc7 13. f3 b6 14. Rfc1 Bb7 15. b4 Ncd7 16. Qd2 Rac8 17. Nb3 Qb8 18. a4 (18. Bf2 $14) 18... Rfe8 ({Better is} 18... d5 $11 19. cxd5 Bxb4) 19. a5 $14 d5 20. exd5 (20. cxd5 $14 b5 21. dxe6 fxe6 22. Nxb5) 20... exd5 21. cxd5 $2 (21. Bf4 $11 {and White has nothing to worry.} Qa7 22. axb6 Qxb6+ {[%mdl 64] Double Attack} 23. Be3 Qxb4 24. Rab1) 21... Bxb4 $19 22. Bd4 Nxd5 ({Don't take} 22... Bxd5 23. Bxa6 Bxb3 24. Bxc8 $15) 23. Bf1 b5 24. Qb2 Bf8 25. Ne4 Nf4 26. g3 (26. Nec5 $17 Nxc5 27. Nxc5) 26... Ne6 27. Bf2 (27. Rxc8 $142 Rxc8 28. Rd1) 27... Bxe4 28. fxe4 Ne5 29. Be2 $2 (29. Rxc8 {keeps fighting.} Rxc8 30. Rd1) 29... Nc4 30. Qa2 Qe5 31. Bf3 Nc5 32. Bd4 Qg5 {Threatens to win with ...Nxb3.} 33. Nxc5 Bxc5 34. Bxc5 Qxc5+ 35. Qf2 Qe5 36. Bg2 Rc6 37. Rf1 Rf6 38. Qa7 h6 39. Rxf6 Qxf6 40. Rf1 Qe6 41. Bh3 Qe7 ({Weaker is} 41... Qxh3 42. Qxf7+ Kh7 43. Qxe8 $11) 42. Qxa6 Qxe4 $2 (42... Qc5+ $1 $19 43. Kh1 Nd2 {[%mdl 64] Double Attack}) 43. Qxb5 $11 Ne3 $2 (43... Nd2 $11 44. Rf4 Qe3+ 45. Rf2 Qe1+ 46. Bf1 Nxf1 47. Rxf1 Qe3+ 48. Kg2 Qe4+ 49. Kg1 Qe3+ 50. Kh1 Qe4+ 51. Kg1 Qe3+) 44. Re1 $18 Re5 {[#]} 45. Qe2 $2 {[#]} (45. Qb6 $1 $18) 45... Qd4 ({Black should play} 45... Qb4 $1 $17 46. Rd1 Qxa5) 46. Qf2 $11 f5 47. a6 Qa7 48. Bf1 {Accuracy: White = 59%, Black = 72%.} 1/2-1/2

[Event "HUN-ch Rapid 2020"]
[Site "Ajka"]
[Date "2020.07.18"]
[Round "6.1"]
[White "Kozak, Adam"]
[Black "Balog, Imre"]
[Result "1-0"]
[WhiteElo "2503"]
[BlackElo "2567"]
[Annotator "TA"]
[PlyCount "43"]
[EventDate "2020.07.17"]
[EventType "swiss"]
[EventCountry "HUN"]
[SourceTitle "playchess.com"]
[Source "ChessBase"]
[SourceQuality "1"]

{[%evp 14,43,25,25,32,13,10,0,0,0,0,0,0,0,0,0,23,26,37,33,27,33,35,9,37,19,31,23,89,8,31,22]} 1. Nf3 Nf6 2. c4 c6 3. Nc3 d5 4. e3 a6 5. Qc2 g6 6. d4 Bg7 7. Bd3 O-O 8. O-O b5 {D10: Slav Defence: 3 cxd5 (without early Nf3) and 3 Nc3.} 9. cxd5 cxd5 10. Ne5 Bb7 {The position is equal.} 11. Qb3 Nc6 12. Nxc6 Bxc6 13. a4 {[#]} bxa4 $146 ({Predecessor:} 13... Qb6 14. Bd2 Rfb8 15. a5 Qd8 16. Rfc1 e6 17. Na2 Rc8 18. Bb4 Bf8 19. Rc2 Bb7 {½-½ (30) Dimic,P (2312)-Kostic,V (2268) Belgrade 2015}) 14. Nxa4 Qd6 15. Bd2 Ng4 {[%csl Gg4][%cal Rd6h2] [#]} 16. f4 Rfb8 17. Qc2 Bb5 18. b4 Nh6 19. Nc5 Nf5 20. Ra3 e6 (20... Qc6 $11 {remains equal.}) 21. Kh1 (21. g4 $16 Ne7 22. Rfa1) 21... Qd8 22. Rfa1 {[%mdl 32768] Accuracy: White = 80%, Black = 80%. . Loss on time!?} 1-0

[Event "HUN-ch Rapid 2020"]
[Site "Ajka"]
[Date "2020.07.18"]
[Round "6.2"]
[White "Antal, Gergely"]
[Black "Aczel, Gergely"]
[Result "1-0"]
[WhiteElo "2571"]
[BlackElo "2511"]
[Annotator "TA"]
[PlyCount "69"]
[EventDate "2020.07.17"]
[EventType "swiss"]
[EventCountry "HUN"]
[SourceTitle "playchess.com"]
[Source "ChessBase"]
[SourceQuality "1"]

{[%evp 13,69,13,15,15,14,7,12,12,17,13,23,13,50,21,21,30,30,0,0,0,0,-20,0,-6,0,-7,21,12,23,-25,26,14,14,28,45,33,45,33,39,34,55,23,22,0,64,0,77,6,16,-1,147,137,293,276,863,711,1213,1195]} 1. e4 c5 2. Nf3 d6 3. Bb5+ Bd7 4. Bxd7+ Qxd7 5. c4 e5 6. Nc3 Nc6 {6...Nc6 scores better than 6...g6.} 7. O-O g6 8. a3 {B52: Sicilian: Moscow Variation with 3...Bd7.} Bg7 9. b4 Nge7 10. bxc5 {The position is equal.} dxc5 11. Nd5 O-O 12. d3 {[#]} Nc8 $146 ({Predecessor:} 12... Nxd5 13. cxd5 Nd4 14. Be3 b5 15. a4 a6 16. Bxd4 cxd4 17. axb5 axb5 18. Qb3 Rac8 19. Rfc1 Rfd8 20. g3 h5 21. Kg2 Qb7 22. Rab1 {1-0 (22) Lupulescu,C (2618)-Idani,P (2543) Baku 2016}) 13. Bh6 Nd6 14. Bxg7 Kxg7 15. Qd2 Rae8 16. Qb2 {And now Nxe5! would win.} f6 17. h3 b6 18. Rae1 Kg8 19. Nh2 Nd4 20. f4 exf4 21. Rxf4 {[#] Strongly threatening Ng4.} f5 (21... Qg7 $142) 22. e5 $11 Qg7 $1 23. Nf3 {Black must now prevent Rxd4.} Nxf3+ 24. Rxf3 ({And not} 24. gxf3 g5 $17) 24... Re6 $1 25. Nf4 Re7 $1 26. Rfe3 {aiming for Nd5.} Nf7 27. Nd5 Re6 28. Qe2 Nd8 (28... g5 $1 $11) 29. a4 (29. Nf4 $14) 29... Kh8 {[#]} (29... Nc6 $11) 30. a5 (30. Nf4 $1 $16) 30... bxa5 31. Qa2 $36 {[%mdl 2048] White has some pressure.} Rfe8 (31... f4 $11 {keeps the balance.} 32. Re4 f3 33. gxf3 Rxf3 {[%mdl 64] Double Attack}) 32. Qxa5 $16 Nc6 $2 (32... Rc6 $16 33. Qa4 g5) 33. Qxc5 $18 Nxe5 $2 (33... Qd7 34. d4 Rc8) 34. d4 f4 35. Rxe5 {Accuracy: White = 77%, Black = 52%.} 1-0